Design an Application Compatible with HF Radios for Messaging and Data Sharing / (Record no. 603139)

000 -LEADER
fixed length control field 01663nam a22001577a 4500
003 - CONTROL NUMBER IDENTIFIER
control field NUST
040 ## - CATALOGING SOURCE
Original cataloging agency 0
082 ## - DEWEY DECIMAL CLASSIFICATION NUMBER
Classification number 621.382,AWA
100 ## - MAIN ENTRY--PERSONAL NAME
Personal name Awais, Aatir
245 ## - TITLE STATEMENT
Title Design an Application Compatible with HF Radios for Messaging and Data Sharing /
Statement of responsibility, etc. Maj Awais Ahmed, Capt Aatir Awais, Capt Malik Shahzaman and Capt Muhammad Nouman. (BETE-56)
264 ## - PRODUCTION, PUBLICATION, DISTRIBUTION, MANUFACTURE, AND COPYRIGHT NOTICE
Place of production, publication, distribution, manufacture MCS, NUST
Name of producer, publisher, distributor, manufacturer Rawalpindi
Date of production, publication, distribution, manufacture, or copyright notice 2023
300 ## - PHYSICAL DESCRIPTION
Extent ix, 26 p
505 ## - FORMATTED CONTENTS NOTE
Formatted contents note HF radios can be used to establish long-range communication, making them useful for emergency response, disaster relief, and military operations, where reliable communication is crucial for safety and coordination. In remote areas or situations where infrastructure is damaged, HF messaging applications can provide a means of communication when other forms of communication are unavailable. Additionally, HF messaging applications can provide a secure means of communication that is not reliant on third-party services, making them a viable option for sensitive communications in high-security environments.<br/>The goal of our project is to design an application that is capable of sending messaging on HF Radios being used by the military, which can provide data sharing over the voice channel, which can be more efficient in terms of speed of delivery in the battlefield. Our project is indigenously developed and its integration with HF radios is done on known procedures: which are not known in the existing application held by Pak Army. We also help to provide affordable hardware for integrating the application with military-grade HF Radios.
700 ## - ADDED ENTRY--PERSONAL NAME
Personal name Supervisor Muhammad Junaid Khan
942 ## - ADDED ENTRY ELEMENTS (KOHA)
Source of classification or shelving scheme
Koha item type Project Report
Holdings
Withdrawn status Permanent Location Current Location Shelving location Date acquired Full call number Barcode Koha item type
  Military College of Signals (MCS) Military College of Signals (MCS) Reference 09/23/2023 621.382,AWA MCSPTE-328 Project Report
© 2023 Central Library, National University of Sciences and Technology. All Rights Reserved.